LEADER 01217nas a2200301 a 4500 001 000000111045 003 CaOOAMICUS 005 20080404174014.0 008 080404c1995 fr qr p 0 0fre r 040 $aPUL$bita$dLaci 245 00$aRevue d'éthique et de théologie morale. 246 33$aRETM 260 $aParis :$bLes Éditions du Cerf,$c1995- 300 $a v. ;$c24 cm. 310 $aTrimestrale 362 0 $aN. 192 (Mars 1995)- 500 $aSottotitolo: Revue fondée en 1947 en supplément à la Vie Spirituelle 500 $aDescrizione basata sul n. 248 (2008). 580 $aContinuazione di "Le Supplément" 650 04$aEtica cristiana$vPeriodici.$0(OLS)http://pul/subject/34290 650 04$aTeologia morale$vPeriodici.$0(OLS)http://pul/subject/14026 780 00$aSupplément (Éditions du Cerf) 850 $aPUL 852 $aPUL$W1$xSL Riviste Correnti$y14$m3-340 / DP 1331 I$j127299$aN.248 (2008)-$qPeriodici$B126007$CPULBib$Z2$F126007 $82 941 1 $a5 996 $6245$aRevue d'éthique et de théologie morale$9(OLS)http://pul/title/139604 996 $6246$aRETM$9(OLS)http://pul/title/139605 996 $6260$aParis :$bLes Éditions du Cerf$9(OLS)http://pul/publisher/47861 LEADER 01553nam a2200337 a 4500 001 000000174639 003 CaOOAMICUS 005 20210708143015.0 008 210708s2017 be u000 u fre r 020 $a978-94-6270-124-3* 032 $aLibriCat 040 $aPUL$bita 245 00$aRegards sur les traditions philosophiques :$b(XIIe-XVIe sie?cles) / $csous la direction de Dragos Calma et Ze?on Kaluza. 260 $aLeuven :$bLeuven University Press ;$a[S.l.] :$bDe Wulf-Mansioncentre,$c©2017. 300 $avi, 341 p. ;$c24 cm 490 1 $aAncient and medieval philosophy. Series 1 ;$v56 500 $aInclude indice. 500 $a"De Wulf-Mansion Centre, series I". 504 $aBibliografia in nota. 650 4$aFilosofia$ySec. XII-XVI.$0(OLS)http://pul/subject/46475 700 1 $aKaluza, Zenon.$0(OLS)http://pul/name/3630 700 1 $aCalma, Dragos.$0(OLS)http://pul/name/112219 830 0$aAncient and medieval philosophy.$nSeries 1 ;$v56.$0(OLS)http://pul/title/225 850 $aPUL 852 $aPUL$W1$xSL Religione 1$y3$m80 H 56$j198950$qStampati$B203582$CPULBib$Z2$F203582 $H135060 $82 941 1 $a8 996 $6020$a978-94-6270-124-3*$9(OLS)http://pul/number/168261 996 $6245$aRegards sur les traditions philosophiques :$b(XIIe-XVIe sie?cles) / $9(OLS)http://pul/title/215944 996 $6260$aLeuven :$bLeuven University Press$9(OLS)http://pul/publisher/48301 996 $6260$a[S.l.] :$bDe Wulf-Mansioncentre$9(OLS)http://pul/publisher/81778